|
|
|
|
| LEADER |
00000nas a2200000 i 4500 |
| 001 |
ssj0001507020 |
| 003 |
WaSeSS |
| 005 |
20200512172242.0 |
| 006 |
m d |
| 007 |
cr n |
| 008 |
150505u20uuuuuurm fr p|s|||||| |0eng d |
| 022 |
|
|
|a 2248-0528
|l 2248-0528
|
| 035 |
|
|
|a (WaSeSS)ssj0001507020
|
| 040 |
|
|
|a WaSeSS
|b eng
|c WaSeSS
|d WaSeSS
|
| 050 |
|
4 |
|a K5000
|
| 210 |
1 |
|
|a Crim. Law Rev.
|
| 222 |
|
0 |
|a Criminal Law Review
|
| 245 |
0 |
0 |
|a Criminal law review
|h [electronic resource].
|
| 260 |
|
|
|a Bucharest, Romania :
|b Romanian Association of Penal Sciences
|
| 310 |
|
|
|a Semiannual
|
| 506 |
|
|
|a License restrictions may limit access.
|
| 588 |
|
|
|a Description based on: Volume I (1) (January/June 2011); title from title screen (ProQuest, viewed May 5, 2015).
|
| 588 |
|
|
|a Latest issue consulted: Volume I (2) (July/December 2013) (viewed May 5, 2015).
|
| 650 |
|
0 |
|a Criminal law
|v Periodicals.
|
| 655 |
|
0 |
|a Electronic journals.
|
| 856 |
4 |
0 |
|z Full text available from Research Library: 01/01/2011 to present
|u https://search.proquest.com/publication/1056392
|